• 首页
  • 本馆介绍
  • 公告通知
  • 最新文献
  • 馆藏检索
  • 电子资源
  • 读者导购
  • 参考咨询
  • 我的图书馆
  • 登录
  • 详细信息显示
  • 放入我的书架
  • 预约/预借图书
  • 作者相关作品
  • 分类相关作品
  • 丛书相关作品
  • 出版社相关作品

书目信息

  • 表格格式
  • 工作单格式
  • 卡片格式
题名:
世界各国国花国鸟
    
 
作者: 赵松 , 张文瑾 著
分册:  
出版信息: 北京   世界知识出版社  1983
页数: 177页
开本: 19cm
丛书名:
单 册:
中图分类: D521 , D521.5
科图分类:
主题词: 国花--世界 , 国际政治
电子资源:
ISBN:
000 00718nam0 2200277 45
001 0183003225
005 20040421092138.3
010    @dCNY0.57
091    @a3003.1665
100    @a19950605d1983 em y0chiy0121 ea
101 0  @achi
102    @aCN@b110000
105    @ay z 000yy
106    @ar
200 10 @a世界各国国花国鸟@Ashi jie ge guo guo hua guo niao@f赵松,张文瑾著
210    @a北京@c世界知识出版社@d1983
215    @a177页@d19cm
606    @a国花@y世界
606 0  @a国际政治
690    @aD521@v3
690    @aD521.5
701  0 @a赵松@Azhao song@4著
701  0 @a张文瑾@Azhang wen jin@4著
801  0 @aCN@b上海图书馆@c20040421
801  2 @aCN@bNLC@c20040421
905    @f1@b97664@dD521.5@e18
    
    世界各国国花国鸟/赵松,张文瑾著.-北京:世界知识出版社,1983
    177页;19cm
    
    
    ISBN :CNY0.57
    
●
相关链接 在E读中查询图书 在五车中查询图书 在当当中查询图书 在豆瓣中查询图书


正题名:世界各国国花国鸟     索取号:D521.5/18         预约/预借

序号 登录号 条形码 馆藏地/架位号 状态 备注
1 0097663   001763764   密集书库/ [索取号:D521.5/18] 在馆    
2 0097664   000482187   第一样本阅览室/ [索取号:D521.5/18] 在馆    
3 0097665   001763808   密集书库/ [索取号:D521.5/18] 在馆    
唐山师范学院图书馆 欢迎您!
大连网信软件有限公司© 版权所有